000 00596nam a2200205Ia 4500
003 OSt
005 20260619125530.0
008 210210b2003 xxu||||| |||| 00| 0 eng d
040 _cAL
041 _aKannada
082 _a633.82K SURV
100 _aSURYANARAYANA (B C).
_dಸೂರ್ಯನಾರಾಯಣ (ಬಿ. ಸಿ.)
_9265774
245 _aVenilla krashi.
_bವೆನಿಲ್ಲಾ ಕೃಷಿ
260 _aBengalluru
_bSurabhi Prakashana
_c2003
300 _a58
650 _aVanilla Cultivation
_9265775
690 _aOrchard Crops
_9265776
906 _a058798
942 _2ddc
_cBK
999 _c105948
_d105948